The noble scholar, jurist, historian


 His Excellency Dr. Abdul Wahhab bin Ibrahim Abu Sulaiman, may Allah have mercy on him.


 He was born in Umm Al-Qura in the year 1356 AH.

2000 مثل من حضرموت / (Record no. 9891)

MARC details
000 -LEADER
fixed length control field 02987cam a2200313 i 4500
003 - CONTROL NUMBER IDENTIFIER
control field SA-RiAUC
005 - DATE AND TIME OF LATEST TRANSACTION
control field 20250713141502.0
008 - FIXED-LENGTH DATA ELEMENTS--GENERAL INFORMATION
fixed length control field 250711s2014 ye g 000 0 ara c
040 ## - CATALOGING SOURCE
Original cataloging agency SA-JeALM
Language of cataloging ara
Transcribing agency SA-RiAUC
Description conventions rda
043 ## - GEOGRAPHIC AREA CODE
Geographic area code a-ye---
082 04 - DEWEY DECIMAL CLASSIFICATION NUMBER
Classification number 398.9
Assigning agency SA-RiAUC
090 ## - LOCALLY ASSIGNED LC-TYPE CALL NUMBER (OCLC); LOCAL CALL NUMBER (RLIN)
Classification number (OCLC) (R) ; Classification number, CALL (RLIN) (NR) 398.9
Local cutter number (OCLC) ; Book number/undivided call number, CALL (RLIN) ع ا م
100 ## - MAIN ENTRY--PERSONAL NAME
Personal name العامري، حسن أحمد بن طالب.
245 00 - TITLE STATEMENT
Title 2000 مثل من حضرموت /
Statement of responsibility, etc. جمعها وشرحها حسن أحمد بن طالب العامري.
246 3# - VARYING FORM OF TITLE
Title proper/short title ألفين مثل من حضرموت
250 ## - EDITION STATEMENT
Edition statement الطبعة الأولى.
264 #1 - PRODUCTION, PUBLICATION, DISTRIBUTION, MANUFACTURE, AND COPYRIGHT NOTICE
Place of production, publication, distribution, manufacture تريم [اليمن] :
Name of producer, publisher, distributor, manufacturer ( د ن )،
Date of production, publication, distribution, manufacture, or copyright notice 2001.
300 ## - PHYSICAL DESCRIPTION
Extent 276 صفحة ؛
Dimensions 22 سم.
336 ## - CONTENT TYPE
Content type term نص
Content type code txt
Source rdacontent
Materials specified كتاب
337 ## - MEDIA TYPE
Media type term بدون وسيط
Media type code n
Source rdamedia
338 ## - CARRIER TYPE
Carrier type term مجلد
Carrier type code nc
Source rdacarrier
520 ## - SUMMARY, ETC.
Summary, etc. ذكر الأستاذ حسن العامري في مقدمة كتابه، أنه أعتمد على في التجميع على ما جادت به ألسن العامة من كبار السن والمهتمين من أصدقائه الذين زودوه بما يحفظونه من أمثال وحكم متعددة بمختلف لهجات مناطق حضرموت. وأشار العامري أن حضرموت عالم زاخر ومتشعب بالموروث الشعبي الشفاهي المتنوع، حيث يتفق الأدباء والكتاب على أن الأمثال تعتبر عصارة فكر وخلاصة حياة تتناقلها أجيال بعد أجيال وتكون في نهاية الأمر إحدى الروافد والعناصر الثقافية المهمة، وأكد على أن الأمثال تعد وسيلة من الوسائل التي ترشدنا إلى مدى التطور الحضاري والرقي العقلي لدى كل أمة وبواسطتها نتعرف على شعب معين في زمان معين للحياة والوجود. يذكر أن الأستاذ حسن العامري من مواليد مدينة سيئون، حاصل على دبلوم عالي من المعهد الصحي، والتحق سابقا بعدد من الدورات التأهيلية في مجال الموسيقى والمحاسبة، وهو شاعر غنائي ومحلن وله ديوان شعر بعنوان “أشجان وألحان” مازال تحت الطباعة، قام بتلحين العديد من الأناشيد الوطنية والأوبريتات والأغاني العاطفية لشعراء يمنيين، حيث تغنى من انتاجه العديد من الفنانين، مهتم بتجميع وتوثيق وحفظ الموروث الثقافي الشعب.
650 #7 - SUBJECT ADDED ENTRY--TOPICAL TERM
Topical term or geographic name entry element الأمثال العامية العربية
Geographic subdivision اليمن
Source of heading or term aucsh
650 #7 - SUBJECT ADDED ENTRY--TOPICAL TERM
Topical term or geographic name entry element الأمثال العربية
Geographic subdivision اليمن
Source of heading or term aucsh
650 #7 - SUBJECT ADDED ENTRY--TOPICAL TERM
Topical term or geographic name entry element الحكم والمأثورات
Source of heading or term aucsh
700 1# - ADDED ENTRY--PERSONAL NAME
Personal name العامري، حسن أحمد بن طالب
Relator term جامع وشارح.
942 ## - ADDED ENTRY ELEMENTS (KOHA)
Source of classification or shelving scheme Dewey Decimal Classification
Koha item type Books
Suppress in OPAC No
949 ## - LOCAL PROCESSING INFORMATION (OCLC)
a SA-JeALM
d 250711
u osman123
n 1
Holdings
Withdrawn status Lost status Source of classification or shelving scheme Damaged status Not for loan Home library Current library Date acquired Total checkouts Full call number Barcode Date last seen Price effective from Koha item type
    Dewey Decimal Classification     DR AbdElwahab Library DR AbdElwahab Library 07/13/2025   398.9 ع ا م 000016035 07/13/2025 07/13/2025 Books